| 000 | 00791cab a2200217 4500 | ||
|---|---|---|---|
| 001 | WB3142-38 | ||
| 008 | 090401t1995 xxu||||| |||| 00| 0 eng d | ||
| 035 | _a(Sirsi) u22169 | ||
| 041 | _aeng | ||
| 245 | _aDistress: goods of a third party | ||
| 260 | _c1995 | ||
| 350 | _a0 | ||
| 490 |
_aEstates Gazette _v(9544) 4 November 1995, 138(1) |
||
| 520 | _aLooks at the remedy of distress being used by landlords especially with regards to goods of a third party. Highlights the decision in "Salford Van Hire (Contracts) Ltd v Bocholt Developments Ltd" CA 1995. | ||
| 650 | _aLANDLORDS | ||
| 650 | _aLAW OF DISTRESS (AMENDMENT) ACT 1908 | ||
| 650 | _aSALFORD VAN HIRE (CONTRACTS) V BOCHOLT DEVELOPMENTS | ||
| 690 | _aPROPERTY-LANDLORD AND TENANT | ||
| 942 | _n0 | ||
| 948 | _c04/03/1997 | ||
| 999 |
_c14846 _d14846 |
||